Kluby Ligue 1 - 2023/24 - Statystyki

Ogólne statystyki
  • Ten quiz został rozwiązany 42 razy
  • Średni wynik to 12 z 18
Statystyki odpowiedzi
L.p Klub % Poprawnych
1 PSG
100%
7 Olympique Lyon
92%
2 RC Lens
90%
3 Olympique de Marseille
87%
6 AS Monaco
79%
16 FC Nantes
72%
5 Lille
69%
14 Stade Brest
69%
9 OGC Nice
67%
11 Stade de Reims
64%
13 FC Toulouse
59%
4 Stade Rennes
59%
12 Montpellier
56%
10 FC Lorient
51%
17 Le Havre
51%
18 FC Metz
44%
8 Clermont Foot
41%
15 RC Strasbourg
41%
Nie znaleziono quizów pasujących do podanych kryteriów
Rozkład punktacji
Procent ludzi z każdym wynikiem
Percentyl według liczby udzielonych odpowiedzi
Twoja historia wyników
Nie rozwiązałeś tego quizu